Oceania Capitals - Statistics

General Stats
  • This quiz has been taken 14 times
  • The average score is 13 of 14
Answer Stats
Capitals Country % Correct
Canberra Australia
100%
Suva Fiji
100%
Port Moresby Papua New Guinea
100%
Honiara Solomon Islands
100%
Nuku' Alofa Tonga
100%
Port Vila Vanuatu
100%
Majuro Marshall Islands
92%
Yaren District Nauru
92%
Wellington New Zealand
92%
Apia Samoa
92%
Funfati Tuvalu
92%
Tarawa Atoll Kiribati
85%
Palikir Micronesia
85%
Ngerulmud Palau
85%
No matching quizzes found
Score Distribution
Percent of People with Each Score
Percentile by Number Answered
Your Score History
You have not taken this quiz